| 000 | 00702cam a2200193 i 4500 | ||
|---|---|---|---|
| 005 | 20260127112202.0 | ||
| 008 | 250721s1984 le gr 000 0 ara d | ||
| 041 | 1 |
_aara _heng |
|
| 082 | 1 | 4 |
_a355.3432 _bم ا ر |
| 100 | 1 |
_aمارشيتي، فكتور _eمؤلف. |
|
| 245 | 1 | 2 |
_aالجاسوسية تتحكم بمصائر الشعوب CIA / _cفكتور مارشيتي، جون د.ماركس. |
| 264 | 3 | 1 |
_aبيروت : _bالدار المتحدة للنشر، _c1984. |
| 300 | _a420 صفحة. | ||
| 650 | 1 | 7 | _aالجواسيس. |
| 650 | 1 | 7 | _aوكالة الإستخبارات المركزية. |
| 700 | 1 |
_aماركس، جون د _eمؤلف. |
|
| 942 |
_2ddc _cBK |
||
| 999 |
_c8887 _d8887 |
||